[Event "Deutsche Ländermeisterschaft 2017"]
[Site "Hannover GER"]
[Date "2017.09.30"]
[Round "1"]
[White "Ruff, Maximilian"]
[Black "Rahnfeld, Jens"]
[Result "1/2-1/2"]
[Termination "normal"]
[Board "1.1"]
[WhiteTitle "FM"]
[BlackTitle "FM"]
[WhiteElo "2315"]
[BlackElo "2310"]
[WhiteClock "00:04:05"]
[BlackClock "00:09:25"]
[WhiteTeam "Baden 1"]
[BlackTeam "Baden 2"]
[PlyCount "78"]
[WhiteFideId "1271670"]
[BlackFideId "12939617"]
[EventCountry "GER"]
[EventRounds "7"]
[EventType "team-swiss"]
[EventDate "2017.09.29"]

1. c4 {[%clk 1:30:56]} e6 {[%clk 1:30:51]} 2. Nc3 {[%clk 1:29:48]} d5 {[%clk
1:31:00]} 3. d4 {[%clk 1:29:59]} c6 {[%clk 1:31:00]} 4. e4 {[%clk 1:29:08]}
dxe4 {[%clk 1:30:51]} 5. Nxe4 {[%clk 1:28:35]} Bb4+ {[%clk 1:30:57]} 6. Bd2
{[%clk 1:26:19]} Qxd4 {[%clk 1:31:09]} 7. Bxb4 {[%clk 1:26:41]} Qxe4+ {[%clk
1:31:28]} 8. Ne2 {[%clk 1:27:02]} Na6 {[%clk 1:30:55]} 9. Bf8 {[%clk 1:24:48]}
Ne7 {[%clk 1:13:57]} 10. Bxg7 {[%clk 1:22:24]} Nb4 {[%clk 1:13:57]} 11. Qd6
{[%clk 1:10:12]} Nd3+ {[%clk 1:05:12]} 12. Kd2 {[%clk 1:10:19]} Nf5 {[%clk
1:05:35]} 13. Qxd3 {[%clk 1:08:25]} Qxd3+ 14. Kxd3 {[%clk 1:08:49]} Nxg7 {[%clk
1:06:21]} 15. Kc3 {[%clk 1:05:14]} b6 {[%clk 0:57:34]} 16. g4 {[%clk 1:01:04]}
Bb7 {[%clk 0:57:29]} 17. Bg2 {[%clk 1:01:08]} O-O-O {[%clk 0:57:43]} 18. Rad1
{[%clk 0:56:10]} h5 {[%clk 0:49:50]} 19. g5 {[%clk 0:55:12]} c5 {[%clk
0:47:28]} 20. Bxb7+ {[%clk 0:54:36]} Kxb7 {[%clk 0:47:52]} 21. Nf4 {[%clk
0:50:58]} Nf5 {[%clk 0:46:01]} 22. Rxd8 {[%clk 0:47:22]} Rxd8 {[%clk 0:46:24]}
23. Nxh5 {[%clk 0:47:11]} Rg8 {[%clk 0:46:44]} 24. h4 {[%clk 0:41:47]} Rh8
{[%clk 0:47:02]} 25. Ng3 {[%clk 0:41:21]} Rxh4 {[%clk 0:47:26]} 26. Rxh4 {[%clk
0:41:23]} Nxh4 {[%clk 0:47:50]} 27. f4 {[%clk 0:40:39]} Ng6 {[%clk 0:27:36]}
28. Nh5 {[%clk 0:40:00]} Kc6 {[%clk 0:27:46]} 29. Kd3 {[%clk 0:38:54]} Kd6
{[%clk 0:28:07]} 30. Ke4 {[%clk 0:39:10]} Ke7 {[%clk 0:28:20]} 31. Nf6 {[%clk
0:35:07]} Kd6 {[%clk 0:18:37]} 32. Ng4 {[%clk 0:31:47]} a6 {[%clk 0:15:40]} 33.
b3 {[%clk 0:24:43]} Nf8 {[%clk 0:14:08]} 34. Ne5 {[%clk 0:21:40]} Ke7 {[%clk
0:14:27]} 35. Nc6+ {[%clk 0:19:14]} Kd7 {[%clk 0:10:25]} 36. Ne5+ {[%clk
0:15:09]} Ke7 {[%clk 0:10:50]} 37. a3 {[%clk 0:06:03]} f6 {[%clk 0:09:04]} 38.
gxf6+ Kxf6 {[%clk 0:09:25]} 39. Ng4+ {[%clk 0:04:05]} Ke5+ 1/2-1/2

[Event "Deutsche Ländermeisterschaft 2017"]
[Site "Hannover GER"]
[Date "2017.09.30"]
[Round "1"]
[White "Boes, Julian"]
[Black "Heinemann, Josefine"]
[Result "1/2-1/2"]
[Termination "normal"]
[Board "1.2"]
[BlackTitle "WIM"]
[WhiteElo "2067"]
[BlackElo "2292"]
[WhiteClock "00:08:24"]
[BlackClock "00:37:05"]
[WhiteTeam "Baden 2"]
[BlackTeam "Baden 1"]
[PlyCount "106"]
[WhiteFideId "12907723"]
[BlackFideId "12900460"]
[EventCountry "GER"]
[EventRounds "7"]
[EventType "team-swiss"]
[EventDate "2017.09.29"]

1. e4 {[%clk 1:30:58]} c5 {[%clk 1:30:57]} 2. b3 {[%clk 1:31:25]} g6 {[%clk
1:31:23]} 3. Bb2 {[%clk 1:31:33]} Nf6 {[%clk 1:31:48]} 4. Qf3 {[%clk 1:31:26]}
Nc6 {[%clk 1:24:59]} 5. e5 {[%clk 1:16:42]} Nh5 {[%clk 1:25:19]} 6. e6 {[%clk
1:12:59]} f6 {[%clk 1:25:16]} 7. exd7+ {[%clk 1:12:00]} Qxd7 {[%clk 1:21:00]}
8. Bb5 {[%clk 1:07:55]} Qe6+ {[%clk 1:13:55]} 9. Qe3 {[%clk 0:58:43]} Qxe3+ 10.
dxe3 {[%clk 0:54:59]} Bd7 {[%clk 1:10:03]} 11. Nc3 {[%clk 0:51:23]} O-O-O
{[%clk 1:08:54]} 12. O-O-O {[%clk 0:48:29]} Ng7 {[%clk 1:00:28]} 13. Nd5 {[%clk
0:43:20]} Ne8 {[%clk 0:56:47]} 14. f3 {[%clk 0:35:15]} Nc7 {[%clk 0:51:44]} 15.
Nxc7 {[%clk 0:34:05]} Kxc7 {[%clk 0:52:10]} 16. e4 {[%clk 0:33:09]} Bh6+ {[%clk
0:51:53]} 17. Kb1 {[%clk 0:33:30]} a6 {[%clk 0:51:30]} 18. Bxc6 {[%clk
0:32:55]} Bxc6 {[%clk 0:51:55]} 19. Ne2 {[%clk 0:32:52]} Rxd1+ {[%clk 0:46:24]}
20. Rxd1 {[%clk 0:33:13]} Rd8 {[%clk 0:42:53]} 21. Rxd8 {[%clk 0:33:14]} Kxd8
{[%clk 0:43:20]} 22. c4 {[%clk 0:30:12]} Be3 {[%clk 0:39:20]} 23. Kc2 {[%clk
0:29:09]} f5 {[%clk 0:36:44]} 24. Kd3 {[%clk 0:27:12]} Bg5 {[%clk 0:32:41]} 25.
Ng3 {[%clk 0:19:54]} e6 {[%clk 0:32:33]} 26. Be5 {[%clk 0:18:59]} Kd7 {[%clk
0:29:45]} 27. Ne2 {[%clk 0:13:54]} b5 {[%clk 0:27:45]} 28. Nc3 {[%clk 0:13:04]}
Be7 {[%clk 0:26:11]} 29. h3 {[%clk 0:10:00]} Bh4 {[%clk 0:22:48]} 30. g3 {[%clk
0:08:21]} Be7 {[%clk 0:23:04]} 31. Ke3 {[%clk 0:07:46]} bxc4 {[%clk 0:18:58]}
32. bxc4 {[%clk 0:08:03]} Bg5+ {[%clk 0:18:35]} 33. Kd3 {[%clk 0:07:54]} Bd8
{[%clk 0:18:39]} 34. Ke3 {[%clk 0:07:19]} Ba5 {[%clk 0:16:43]} 35. Kd3 {[%clk
0:07:19]} Bb4 {[%clk 0:14:01]} 36. Bg7 {[%clk 0:06:47]} Kc7 {[%clk 0:12:30]}
37. Be5+ {[%clk 0:06:36]} Kb6 {[%clk 0:12:34]} 38. Bf6 {[%clk 0:06:05]} Kc7
{[%clk 0:10:42]} 39. Be5+ {[%clk 0:06:06]} Kd7 {[%clk 0:11:08]} 40. Bg7 {[%clk
0:06:03]} Ke7 {[%clk 0:10:52]} 41. Be5 {[%clk 0:04:57]} Ba5 {[%clk 0:09:48]}
42. Ke3 {[%clk 0:02:52]} Kf7 {[%clk 0:09:04]} 43. Kd3 {[%clk 0:02:04]} Bd8
{[%clk 0:09:00]} 44. Bd6 {[%clk 0:29:49]} Be7 {[%clk 0:39:03]} 45. Bxe7 {[%clk
0:28:14]} Kxe7 {[%clk 0:39:29]} 46. Ke3 {[%clk 0:25:14]} Kf6 {[%clk 0:38:40]}
47. h4 {[%clk 0:18:06]} h6 {[%clk 0:36:24]} 48. Ne2 {[%clk 0:12:09]} g5 {[%clk
0:36:35]} 49. hxg5+ {[%clk 0:12:05]} hxg5 {[%clk 0:37:02]} 50. Nc1 {[%clk
0:10:13]} g4 {[%clk 0:36:18]} 51. fxg4 {[%clk 0:08:30]} Bxe4 {[%clk 0:36:42]}
52. gxf5 {[%clk 0:08:24]} exf5 {[%clk 0:37:05]} 53. Kxe4 Ke5+ 1/2-1/2

[Event "Deutsche Ländermeisterschaft 2017"]
[Site "Hannover GER"]
[Date "2017.09.30"]
[Round "1"]
[White "Gschnitzer, Adrian"]
[Black "Hund, Sarah"]
[Result "1-0"]
[Termination "normal"]
[Board "1.3"]
[WhiteElo "2351"]
[BlackElo "2005"]
[WhiteClock "00:45:23"]
[BlackClock "00:19:35"]
[WhiteTeam "Baden 1"]
[BlackTeam "Baden 2"]
[PlyCount "61"]
[WhiteFideId "1270337"]
[BlackFideId "12923338"]
[EventCountry "GER"]
[EventRounds "7"]
[EventType "team-swiss"]
[EventDate "2017.09.29"]

1. e4 {[%clk 1:30:58]} e5 {[%clk 1:30:53]} 2. Nf3 {[%clk 1:31:19]} Nc6 {[%clk
1:31:11]} 3. Bc4 {[%clk 1:31:41]} Bc5 {[%clk 1:31:33]} 4. c3 {[%clk 1:32:03]}
Nf6 {[%clk 1:31:49]} 5. d3 {[%clk 1:32:26]} d6 {[%clk 1:31:46]} 6. Nbd2 {[%clk
1:32:25]} a6 {[%clk 1:31:43]} 7. Bb3 {[%clk 1:32:47]} Ba7 {[%clk 1:31:20]} 8.
Nf1 {[%clk 1:32:38]} Be6 {[%clk 1:28:36]} 9. Ng3 {[%clk 1:31:53]} O-O {[%clk
1:27:11]} 10. O-O {[%clk 1:27:32]} Qd7 {[%clk 1:17:37]} 11. Bg5 {[%clk
1:23:21]} Ne8 {[%clk 1:15:12]} 12. d4 {[%clk 1:12:43]} Bxb3 13. axb3 {[%clk
1:11:38]} f6 {[%clk 1:05:10]} 14. Be3 {[%clk 1:10:45]} g6 {[%clk 0:59:16]} 15.
b4 {[%clk 1:10:01]} Ng7 {[%clk 0:56:01]} 16. b5 {[%clk 1:05:57]} Nb8 {[%clk
0:49:46]} 17. dxe5 {[%clk 1:00:17]} Bxe3 {[%clk 0:44:59]} 18. exf6 {[%clk
0:55:24]} Rxf6 {[%clk 0:40:30]} 19. Qd5+ {[%clk 0:51:11]} Ne6 {[%clk 0:39:19]}
20. fxe3 {[%clk 0:51:08]} c6 {[%clk 0:37:48]} 21. Qa2 {[%clk 0:49:38]} Kg7
{[%clk 0:34:32]} 22. e5 {[%clk 0:48:27]} dxe5 {[%clk 0:29:34]} 23. Nxe5 {[%clk
0:48:19]} Qe7 {[%clk 0:28:59]} 24. Ne4 {[%clk 0:47:06]} Rxf1+ {[%clk 0:27:18]}
25. Rxf1 {[%clk 0:47:25]} Nd8 {[%clk 0:26:46]} 26. Nf6 {[%clk 0:45:30]} cxb5
{[%clk 0:18:07]} 27. Qg8+ {[%clk 0:45:00]} Kh6 {[%clk 0:18:28]} 28. Neg4+
{[%clk 0:44:58]} Kg5 {[%clk 0:18:50]} 29. Rf5+ {[%clk 0:44:46]} Kh4 {[%clk
0:19:09]} 30. g3+ {[%clk 0:45:00]} Kh3 {[%clk 0:19:35]} 31. Nf2# {[%clk
0:45:23]} 1-0

[Event "Deutsche Ländermeisterschaft 2017"]
[Site "Hannover GER"]
[Date "2017.09.30"]
[Round "1"]
[White "Wu, Luka"]
[Black "Trifan, Andrei Ioan"]
[Result "1-0"]
[Termination "normal"]
[Board "1.4"]
[WhiteElo "1902"]
[BlackElo "2197"]
[WhiteClock "01:00:04"]
[BlackClock "00:01:44"]
[WhiteTeam "Baden 2"]
[BlackTeam "Baden 1"]
[PlyCount "139"]
[WhiteFideId "12977420"]
[BlackFideId "12967068"]
[EventCountry "GER"]
[EventRounds "7"]
[EventType "team-swiss"]
[EventDate "2017.09.29"]

1. e4 {[%clk 1:30:58]} e5 {[%clk 1:30:45]} 2. Nf3 {[%clk 1:31:21]} Nc6 {[%clk
1:30:52]} 3. Bb5 {[%clk 1:31:38]} a6 {[%clk 1:30:50]} 4. Ba4 {[%clk 1:31:56]}
Nf6 {[%clk 1:29:59]} 5. O-O {[%clk 1:30:43]} Be7 {[%clk 1:28:34]} 6. Re1 {[%clk
1:30:56]} b5 {[%clk 1:28:04]} 7. Bb3 {[%clk 1:31:13]} O-O {[%clk 1:25:36]} 8.
c3 {[%clk 1:30:53]} d6 {[%clk 1:23:15]} 9. h3 {[%clk 1:30:41]} Na5 {[%clk
1:21:31]} 10. Bc2 {[%clk 1:30:52]} c5 {[%clk 1:21:13]} 11. d4 {[%clk 1:27:51]}
Qc7 {[%clk 1:16:09]} 12. dxe5 {[%clk 1:24:04]} dxe5 {[%clk 1:16:18]} 13. Nbd2
{[%clk 1:24:15]} Be6 {[%clk 1:08:23]} 14. Qe2 {[%clk 1:23:36]} Rfd8 {[%clk
1:01:18]} 15. b3 {[%clk 1:22:20]} b4 {[%clk 0:47:30]} 16. c4 {[%clk 1:15:45]}
Nc6 {[%clk 0:44:34]} 17. Nf1 {[%clk 1:15:49]} Nh5 {[%clk 0:38:06]} 18. Ne3
{[%clk 1:11:01]} Nf4 {[%clk 0:30:14]} 19. Qf1 {[%clk 1:11:08]} Bd6 {[%clk
0:25:33]} 20. Nd5 {[%clk 1:10:19]} Qb8 {[%clk 0:22:23]} 21. Be3 {[%clk
1:01:29]} f6 {[%clk 0:18:32]} 22. Rad1 {[%clk 1:00:53]} Ra7 {[%clk 0:17:50]}
23. Rd2 {[%clk 0:59:25]} Nd4 {[%clk 0:15:59]} 24. Nxd4 {[%clk 0:58:10]} exd4
{[%clk 0:15:13]} 25. Bxf4 {[%clk 0:56:25]} Bxf4 {[%clk 0:15:41]} 26. Nxf4
{[%clk 0:56:12]} Qxf4 {[%clk 0:16:08]} 27. Rd3 {[%clk 0:56:29]} a5 {[%clk
0:14:25]} 28. Rf3 {[%clk 0:56:00]} Qc7 {[%clk 0:11:47]} 29. Qe2 {[%clk
0:47:39]} Qe5 {[%clk 0:09:49]} 30. Qd3 {[%clk 0:46:12]} Bd7 {[%clk 0:08:53]}
31. a4 {[%clk 0:43:34]} bxa3 {[%clk 0:07:09]} 32. Ra1 {[%clk 0:43:21]} Re8
{[%clk 0:06:28]} 33. Rxa3 {[%clk 0:43:10]} Bc6 {[%clk 0:06:01]} 34. Rf5 {[%clk
0:42:16]} Qd6 {[%clk 0:01:54]} 35. Qd2 {[%clk 0:41:44]} Bxe4 {[%clk 0:01:33]}
36. Bxe4 {[%clk 0:42:01]} Rxe4 {[%clk 0:01:59]} 37. Rxa5 {[%clk 0:42:19]} Rae7
{[%clk 0:01:55]} 38. Ra1 {[%clk 0:42:06]} R4e5 {[%clk 0:01:17]} 39. Rxe5 {[%clk
0:41:16]} fxe5 {[%clk 0:01:11]} 40. f3 {[%clk 0:41:34]} Re8 {[%clk 0:01:30]}
41. Qd3 {[%clk 0:41:46]} Qf6 {[%clk 0:26:16]} 42. Qe4 {[%clk 1:11:07]} Qd6
{[%clk 0:22:44]} 43. Kf2 {[%clk 1:10:08]} g6 {[%clk 0:19:33]} 44. Re1 {[%clk
1:09:25]} Re7 {[%clk 0:18:46]} 45. Kg1 {[%clk 1:07:33]} d3 {[%clk 0:17:16]} 46.
Rd1 {[%clk 1:07:31]} Rd7 {[%clk 0:16:39]} 47. Kf2 {[%clk 1:07:47]} d2 {[%clk
0:14:58]} 48. Ke2 Kg7 {[%clk 0:10:14]} 49. Qe3 {[%clk 1:07:48]} Qb8 {[%clk
0:09:52]} 50. Rxd2 {[%clk 1:08:04]} Rd4 {[%clk 0:09:12]} 51. Rxd4 {[%clk
1:07:12]} cxd4 {[%clk 0:09:26]} 52. Qe4 {[%clk 1:07:16]} Kh6 {[%clk 0:08:56]}
53. Qc2 {[%clk 1:06:49]} Qa7 {[%clk 0:07:45]} 54. c5 {[%clk 1:06:56]} Qa6+
{[%clk 0:07:40]} 55. Kf2 {[%clk 1:06:10]} Qb5 {[%clk 0:07:17]} 56. c6 {[%clk
1:03:21]} d3 {[%clk 0:06:33]} 57. Qc1+ {[%clk 0:59:05]} Kg7 {[%clk 0:05:24]}
58. Ke3 {[%clk 0:59:11]} Qd5 {[%clk 0:03:15]} 59. Kd2 {[%clk 0:59:26]} e4
{[%clk 0:01:53]} 60. Qc3+ {[%clk 0:58:45]} Kh6 {[%clk 0:01:59]} 61. c7 {[%clk
0:58:34]} Qg5+ {[%clk 0:00:39]} 62. Kd1 {[%clk 0:58:57]} exf3 {[%clk 0:00:35]}
63. gxf3 {[%clk 0:58:15]} Qg1+ {[%clk 0:00:49]} 64. Kd2 {[%clk 0:58:40]} Qf2+
{[%clk 0:00:57]} 65. Kxd3 {[%clk 0:59:04]} Qxf3+ {[%clk 0:01:22]} 66. Kc2
{[%clk 0:59:27]} Qf5+ {[%clk 0:01:43]} 67. Kb2 {[%clk 0:59:42]} Qf2+ {[%clk
0:00:56]} 68. Kb1 {[%clk 0:59:33]} Qf5+ {[%clk 0:01:15]} 69. Qc2 {[%clk
0:59:57]} Qc8 {[%clk 0:01:44]} 70. Kc1 {[%clk 1:00:04]} *

[Event "Deutsche Ländermeisterschaft 2017"]
[Site "Hannover GER"]
[Date "2017.09.30"]
[Round "1"]
[White "Mütsch, Annmarie"]
[Black "Riegel, Arinna"]
[Result "1-0"]
[Termination "normal"]
[Board "1.5"]
[WhiteElo "2137"]
[BlackElo "1918"]
[WhiteClock "00:08:46"]
[BlackClock "00:00:33"]
[WhiteTeam "Baden 1"]
[BlackTeam "Baden 2"]
[PlyCount "57"]
[WhiteFideId "12971367"]
[BlackFideId "12931446"]
[EventCountry "GER"]
[EventRounds "7"]
[EventType "team-swiss"]
[EventDate "2017.09.29"]

1. e4 {[%clk 1:30:58]} d5 {[%clk 1:30:55]} 2. exd5 {[%clk 1:31:23]} Qxd5 {[%clk
1:31:22]} 3. Nc3 {[%clk 1:31:46]} Qd6 {[%clk 1:31:48]} 4. d4 {[%clk 1:32:09]}
Nf6 {[%clk 1:32:11]} 5. Nf3 {[%clk 1:32:28]} c6 {[%clk 1:32:37]} 6. Ne5 {[%clk
1:32:48]} Nbd7 {[%clk 1:33:03]} 7. f4 {[%clk 1:33:09]} Nb6 {[%clk 1:33:30]} 8.
Be2 {[%clk 1:31:40]} g6 {[%clk 1:29:08]} 9. O-O {[%clk 1:29:04]} Bg7 {[%clk
1:29:04]} 10. Bf3 {[%clk 1:25:06]} O-O {[%clk 1:25:50]} 11. Ne2 {[%clk
1:18:31]} Be6 {[%clk 1:23:09]} 12. b3 {[%clk 1:13:42]} Bd5 {[%clk 1:09:06]} 13.
c4 {[%clk 1:12:10]} Bxf3 14. Rxf3 {[%clk 1:11:19]} Qc7 {[%clk 0:55:19]} 15. Bb2
{[%clk 1:08:27]} Rad8 {[%clk 0:53:56]} 16. Qe1 {[%clk 1:07:01]} Rfe8 {[%clk
0:46:20]} 17. Qh4 {[%clk 1:01:01]} Nbd7 {[%clk 0:10:36]} 18. g4 {[%clk
0:52:07]} Qc8 {[%clk 0:05:33]} 19. h3 {[%clk 0:37:29]} c5 {[%clk 0:01:50]} 20.
d5 {[%clk 0:36:01]} e6 {[%clk 0:01:58]} 21. Nxd7 {[%clk 0:23:59]} Nxd7 {[%clk
0:01:57]} 22. Bxg7 {[%clk 0:24:15]} Kxg7 {[%clk 0:02:24]} 23. Nc3 {[%clk
0:22:57]} exd5 {[%clk 0:00:35]} 24. Nxd5 {[%clk 0:23:10]} Qc6 {[%clk 0:00:59]}
25. f5 {[%clk 0:19:57]} f6 {[%clk 0:00:35]} 26. g5 {[%clk 0:11:11]} fxg5 {[%clk
0:00:59]} 27. Qxg5 {[%clk 0:11:14]} Rf8 {[%clk 0:01:10]} 28. Re3 {[%clk
0:08:22]} Kg8 {[%clk 0:00:33]} 29. Ne7+ {[%clk 0:08:46]} 1-0

[Event "Deutsche Ländermeisterschaft 2017"]
[Site "Hannover GER"]
[Date "2017.09.30"]
[Round "1"]
[White "Lohrmann, Tabea"]
[Black "Ziegenfuß, Antonia"]
[Result "0-1"]
[Termination "normal"]
[Board "1.6"]
[WhiteElo "1708"]
[BlackElo "1956"]
[WhiteClock "00:03:43"]
[BlackClock "00:10:29"]
[WhiteTeam "Baden 2"]
[BlackTeam "Baden 1"]
[PlyCount "54"]
[WhiteFideId "12911941"]
[BlackFideId "12962554"]
[EventCountry "GER"]
[EventRounds "7"]
[EventType "team-swiss"]
[EventDate "2017.09.29"]

1. e4 {[%clk 1:30:58]} c5 {[%clk 1:30:56]} 2. Nf3 {[%clk 1:31:21]} e6 {[%clk
1:31:22]} 3. d4 {[%clk 1:31:40]} cxd4 {[%clk 1:31:46]} 4. Nxd4 {[%clk 1:32:05]}
Nf6 {[%clk 1:32:09]} 5. Nc3 {[%clk 1:32:17]} Nc6 {[%clk 1:32:34]} 6. Be3 {[%clk
1:32:02]} Bb4 {[%clk 1:32:39]} 7. f3 {[%clk 1:31:51]} d5 {[%clk 1:30:36]} 8.
exd5 {[%clk 1:19:26]} Nxd5 {[%clk 1:29:21]} 9. Nxc6 {[%clk 1:18:18]} bxc6
{[%clk 1:29:46]} 10. Bd4 {[%clk 1:13:09]} Qa5 {[%clk 1:03:09]} 11. Qd2 {[%clk
0:59:40]} O-O {[%clk 0:58:36]} 12. Bc4 {[%clk 0:41:59]} e5 {[%clk 0:52:22]} 13.
Bxe5 {[%clk 0:31:25]} Re8 {[%clk 0:52:27]} 14. f4 {[%clk 0:29:59]} Nxc3 {[%clk
0:52:27]} 15. O-O {[%clk 0:28:38]} Ne4 {[%clk 0:45:50]} 16. Qd3 {[%clk
0:22:54]} Nd2 {[%clk 0:39:34]} 17. Rfd1 {[%clk 0:19:00]} Rd8 {[%clk 0:35:04]}
18. Qg3 {[%clk 0:17:48]} Bf8 {[%clk 0:31:37]} 19. Bd3 {[%clk 0:12:39]} Ba6
{[%clk 0:21:32]} 20. f5 {[%clk 0:09:23]} Rd5 {[%clk 0:11:37]} 21. Bc3 {[%clk
0:05:34]} Qc5+ {[%clk 0:10:26]} 22. Kh1 {[%clk 0:05:59]} Nc4 {[%clk 0:09:59]}
23. Bxc4 {[%clk 0:04:27]} Bxc4 {[%clk 0:10:12]} 24. Rxd5 {[%clk 0:04:40]} Bxd5
{[%clk 0:10:42]} 25. Bxg7 Bxg7 {[%clk 0:11:00]} 26. f6 {[%clk 0:03:26]} Qf8
{[%clk 0:11:25]} 27. Re1 {[%clk 0:03:43]} Kh8 {[%clk 0:10:29]} 0-1

[Event "Deutsche Ländermeisterschaft 2017"]
[Site "Hannover GER"]
[Date "2017.09.30"]
[Round "1"]
[White "Basovskiy, Jana"]
[Black "Doll, Rebecca"]
[Result "1-0"]
[Termination "normal"]
[Board "1.7"]
[WhiteElo "1825"]
[BlackElo "1589"]
[WhiteClock "00:29:12"]
[BlackClock "00:38:54"]
[WhiteTeam "Baden 1"]
[BlackTeam "Baden 2"]
[PlyCount "63"]
[WhiteFideId "16208617"]
[BlackFideId "16236890"]
[EventCountry "GER"]
[EventRounds "7"]
[EventType "team-swiss"]
[EventDate "2017.09.29"]

1. e4 {[%clk 1:30:57]} e5 {[%clk 1:30:57]} 2. Nf3 {[%clk 1:31:24]} Nc6 {[%clk
1:31:22]} 3. Bc4 {[%clk 1:31:51]} Bc5 {[%clk 1:31:48]} 4. c3 {[%clk 1:32:17]}
Nf6 {[%clk 1:32:11]} 5. d4 {[%clk 1:31:38]} exd4 {[%clk 1:32:36]} 6. e5 {[%clk
1:32:05]} d5 {[%clk 1:31:55]} 7. Bb5 {[%clk 1:32:33]} Ne4 {[%clk 1:32:04]} 8.
cxd4 {[%clk 1:32:59]} Bb6 {[%clk 1:31:58]} 9. Nc3 {[%clk 1:32:49]} O-O {[%clk
1:30:49]} 10. Be3 {[%clk 1:31:54]} Bf5 {[%clk 1:24:51]} 11. O-O {[%clk
1:30:29]} a6 {[%clk 1:22:59]} 12. Ba4 {[%clk 1:26:24]} Re8 {[%clk 1:20:27]} 13.
Bb3 {[%clk 1:25:14]} Nxc3 {[%clk 1:14:41]} 14. bxc3 {[%clk 1:25:19]} Na5 {[%clk
1:11:44]} 15. Ba4 {[%clk 1:18:52]} c6 {[%clk 1:09:50]} 16. Bg5 {[%clk 1:16:35]}
Qc7 {[%clk 1:09:19]} 17. Nd2 {[%clk 1:13:43]} h6 {[%clk 1:02:00]} 18. Be3
{[%clk 1:11:39]} Rad8 {[%clk 1:01:29]} 19. f4 {[%clk 1:09:03]} Nc4 {[%clk
0:59:31]} 20. Nxc4 {[%clk 0:53:18]} dxc4 {[%clk 0:59:38]} 21. Qf3 {[%clk
0:52:28]} Ba7 {[%clk 0:52:19]} 22. Rac1 {[%clk 0:48:36]} Re7 {[%clk 0:49:57]}
23. Bc2 {[%clk 0:46:09]} Bxc2 {[%clk 0:49:42]} 24. Rxc2 {[%clk 0:46:38]} Red7
{[%clk 0:49:16]} 25. Rd1 {[%clk 0:41:12]} b5 {[%clk 0:46:37]} 26. f5 {[%clk
0:37:33]} Kh7 {[%clk 0:42:06]} 27. f6 {[%clk 0:31:54]} g6 {[%clk 0:41:43]} 28.
Qf4 {[%clk 0:32:02]} g5 {[%clk 0:41:10]} 29. Qf5+ {[%clk 0:32:22]} Kg8 {[%clk
0:41:21]} 30. Bxg5 {[%clk 0:30:00]} Kh8 {[%clk 0:39:27]} 31. Qh3 {[%clk
0:28:56]} Kg8 {[%clk 0:38:54]} 32. Qxh6 {[%clk 0:29:12]} 1-0

[Event "Deutsche Ländermeisterschaft 2017"]
[Site "Hannover GER"]
[Date "2017.09.30"]
[Round "1"]
[White "Stillbauer, Jan"]
[Black "Wang, Xinyuan"]
[Result "1-0"]
[Termination "normal"]
[Board "1.8"]
[WhiteElo "1570"]
[BlackElo "1757"]
[WhiteClock "00:04:01"]
[BlackClock "00:25:58"]
[WhiteTeam "Baden 2"]
[BlackTeam "Baden 1"]
[PlyCount "91"]
[WhiteFideId "16239393"]
[BlackFideId "16221494"]
[EventCountry "GER"]
[EventRounds "7"]
[EventType "team-swiss"]
[EventDate "2017.09.29"]

1. e4 {[%clk 1:30:53]} c5 {[%clk 1:30:55]} 2. Nf3 {[%clk 1:31:12]} a6 {[%clk
1:31:20]} 3. c4 {[%clk 1:31:30]} b6 {[%clk 1:31:36]} 4. Nc3 {[%clk 1:31:39]}
Bb7 {[%clk 1:31:55]} 5. Be2 {[%clk 1:31:26]} e6 {[%clk 1:31:52]} 6. d4 {[%clk
1:30:16]} cxd4 {[%clk 1:32:02]} 7. Nxd4 {[%clk 1:29:55]} Qc7 {[%clk 0:35:40]}
8. O-O {[%clk 1:29:55]} Nf6 {[%clk 1:32:11]} 9. f3 {[%clk 1:28:55]} Be7 {[%clk
1:31:04]} 10. Be3 {[%clk 1:28:55]} O-O {[%clk 1:31:01]} 11. Na4 {[%clk
1:28:12]} d6 {[%clk 1:30:44]} 12. Nxe6 {[%clk 1:23:34]} fxe6 {[%clk 1:30:12]}
13. Nxb6 {[%clk 1:23:49]} Nbd7 {[%clk 1:29:13]} 14. Nxa8 {[%clk 1:24:00]} Bxa8
{[%clk 1:29:37]} 15. b3 {[%clk 1:22:29]} d5 {[%clk 1:29:02]} 16. cxd5 {[%clk
1:19:46]} exd5 {[%clk 1:28:48]} 17. Rc1 {[%clk 1:19:06]} Qe5 {[%clk 1:28:03]}
18. Bd4 {[%clk 1:17:59]} Qb8 {[%clk 1:25:02]} 19. exd5 {[%clk 1:16:42]} Bd6
{[%clk 1:21:31]} 20. h3 Nh5 {[%clk 1:15:56]} 21. Bf2 {[%clk 0:57:55]} Ndf6
{[%clk 1:13:13]} 22. Bxa6 {[%clk 0:52:42]} Bh2+ {[%clk 1:12:20]} 23. Kh1 {[%clk
0:52:47]} Ng3+ {[%clk 1:11:49]} 24. Bxg3 {[%clk 0:52:15]} Bxg3 {[%clk 1:12:13]}
25. Bc4 {[%clk 0:48:30]} Bd6 {[%clk 1:11:40]} 26. Qd4 {[%clk 0:41:47]} Nh5
{[%clk 1:06:08]} 27. Rfe1 {[%clk 0:40:58]} Ng3+ {[%clk 1:04:07]} 28. Kg1 {[%clk
0:41:11]} Rc8 {[%clk 1:03:53]} 29. Ba6 {[%clk 0:38:46]} Rxc1 {[%clk 0:59:58]}
30. Rxc1 {[%clk 0:38:54]} Ba3 {[%clk 0:51:26]} 31. Rc2 {[%clk 0:36:23]} Nf5
{[%clk 0:48:48]} 32. Qe4 {[%clk 0:29:06]} Qb6+ {[%clk 0:44:29]} 33. Kh2 {[%clk
0:26:48]} Bd6+ {[%clk 0:44:12]} 34. f4 {[%clk 0:26:43]} Ne7 {[%clk 0:41:36]}
35. Bc4 {[%clk 0:25:31]} Qb8 {[%clk 0:39:14]} 36. Kh1 {[%clk 0:22:16]} g6
{[%clk 0:37:40]} 37. Re2 {[%clk 0:16:48]} Kg7 {[%clk 0:33:01]} 38. Qd4+ {[%clk
0:14:28]} Kf7 {[%clk 0:31:38]} 39. Re6 {[%clk 0:08:56]} Nf5 40. Qf6+ {[%clk
0:05:25]} Kg8 {[%clk 0:26:55]} 41. g4 {[%clk 0:03:54]} Ng3+ {[%clk 0:26:22]}
42. Kh2 {[%clk 0:03:21]} Bxf4 {[%clk 0:26:05]} 43. Re8+ {[%clk 0:03:26]} Qxe8
{[%clk 0:25:22]} 44. d6+ {[%clk 0:03:45]} Bd5 {[%clk 5:04:20]} 45. Bxd5+ {[%clk
0:04:01]} Qe6 {[%clk 0:25:58]} 46. Bxe6# 1-0

[Event "Deutsche Ländermeisterschaft 2017"]
[Site "Hannover GER"]
[Date "2017.09.30"]
[Round "1.2"]
[White "Urban, Konstantin"]
[Black "Roseneck, Jonas"]
[Result "1-0"]
[WhiteElo "2272"]
[BlackElo "2129"]
[EventDate "2017.09.29"]
[Board "2"]
[WhiteTeam "Sachsen-Anhalt"]
[BlackTeam "Sachsen"]

1.e4 c5 2.Nf3 d6 3.d4 cxd4 4.Nxd4 Nf6 5.Nc3 a6 6.Bg5 Nbd7 7.Bc4 Qc7 8.Qe2 h6
9.Bh4 g6 10.O-O-O Bg7 11.f4 O-O 12.Nf3 e6 13.e5 dxe5 14.fxe5 Ng4 15.Be7 Re8
16.Bd6 Qa5 17.Rhe1 b5 18.Qe4 Nf2 19.Qxa8 Nxd1 20.Rxd1 bxc4 21.Qc6 Qb6 22.Qxc4
Nxe5 23.Nxe5 Bxe5 24.Bxe5 Qe3+ 25.Kb1 Qxe5 26.Qc6 Rf8 27.Ne4 Bb7 28.Qxb7 Rb8
29.Nf6+ Kg7 30.Nd7 Qe2 31.Qf3 1-0